| 000 | 01277cad a22002295a 4500 | ||
|---|---|---|---|
| 001 | L149088 | ||
| 008 | 100108e2009 xxk f 000 0 eng d | ||
| 035 | _a(Sirsi) u149088 | ||
| 041 | 0 | _aeng | |
| 050 | 0 | 4 | _a333.72 $2 18 |
| 110 | 2 |
_aTown and Country Planning Association _93022 |
|
| 245 | 0 | 0 |
_aDeveloping energy efficient and zero carbon strategies for eco-towns _beco-towns transport worksheet _h[electronic resource] |
| 260 |
_aLondon _bTCPA _c2009 |
||
| 520 | _aDevelops a zero carbon strategy for eco-towns. Zero carbon goal and scope of emissions covered by the goal, definition of zero carbon, the development of low energy low carbon buildings, design challenges, operational and management challenges and financial aspects are considered. See also "Planning Policy Statement ecotowns: a supplement to Planning Policy Statement 1 (E148059) for definition of zero carbon in the eco-town context. | ||
| 521 | 2 | _aAdvanced | |
| 590 | _aKA | ||
| 651 | 4 |
_aUnited Kingdom _y |
|
| 690 | _aENVIRONMENTAL AND LAND CONSULTANCY-ENERGY-ENERGY USE-ENERGY EFFICIENCY | ||
| 710 | 1 |
_aUnited Kingdom _bDepartment for Communities and Local Government _94939 |
|
| 856 | 4 | 0 |
_uhttps://www.tcpa.org.uk/pages/energy.html _zView the item free of charge at www.tcpa.org.uk... |
| 942 | _n0 | ||
| 999 |
_c110369 _d110369 |
||